000 02295nam a2200385 i 4500
003 DO-SdBNP
005 20251114133009.0
007 ta
008 240701s2024 dr 000 j spa d
020 _a9789945930795
040 _aDO-SdBNP
_bspa
_cBNPHU
_erda
041 _aspa
082 4 _a972.9304
_bR696c 2024
_222
100 1 _aRodríguez Demorizi, Emilio,
_d1908-1986
_eautor
_4aut.
_91039
245 1 0 _aContribución de Santiago a la obra de la independencia /
_cEmilio Rodríguez Demorizi, Rafael C. Senior ; presentación, Juan Daniel Balcácer ; cuidado de edición, Jesús R. Navarro Zerpa.
250 _aSegunda edición
264 4 _aSanto Domingo, D. N. República Dominicana :
_bAcademia Dominicana de la Historia,
_c©2024.
300 _a219 páginas ;
_c22 cm.
336 _atexto
_btxt
_2rdacontent
337 _asin mediación
_bn
_2rdamedia
338 _avolumen
_bnc
_2rdacarrier
490 0 _aAcademia Dominicana de la Historia
_v167
500 _aEnsayos ganadores del certamen organizado por la Sociedad Amantes de la Luz en 1938 con motivo del primer centenario de la sociedad secreta La Trinitaria.
500 _aIncluye índice onomástico.
505 _aPresentación, 11 -- Primera parte: tema VII, 13 -- Veredicto del tema VIII, Contribución de Santiago a la obra de la Independencia, 15 -- Contribución de Santiago a la obra de la Independencia, 17 -- Documentos anexos, 37 -- Segunda parte. Tema IX, 141 -- Extracto, 143 -- Duarte en Santiago, 145 -- Tercera parte: Tema VII, 161 -- Glorias patrias de Santiago, 163 -- Índice onomástico, 191 -- Publicaciones de la Academia Dominicana de la Historia, 199.
534 _aContribución de Santiago a la obra de la independencia.
_bCertamen de La Trinitaria, auspiciado por el Honorable Presidente Trujillo. Sociedad Amantes de la Luz.
_cEditorial El Diario, 1938.
590 _aInventariado, 2024/ YL
651 4 _aRepública Dominicana
_xHistoria
_yGuerra de Independencia, 1844-
_988795
651 4 _aSantiago, República Dominicana
_xHistoria Local
_946430
700 1 _aSenior, Rafael C.,
_eautor
_4aut.
_954733
700 1 _aBalcácer, Juan Daniel,
_d1949-
_epresentador
_4pr.
_96566
700 1 _aNavarro Zerpa, Jesús R.,
_eeditor
_4ed.
_973422
910 _aYLockward
942 _2ddc
_cLBS1
999 _c57082
_d57082